Creative design : paper crafts. (Record no. 10504)
[ view plain ]
| 000 -LEADER | |
|---|---|
| fixed length control field | 00538nam a22001937a 4500 |
| 003 - CONTROL NUMBER IDENTIFIER | |
| control field | OSt |
| 005 - DATE AND TIME OF LATEST TRANSACTION | |
| control field | 20140310182212.0 |
| 008 - FIXED-LENGTH DATA ELEMENTS--GENERAL INFORMATION | |
| fixed length control field | 130906t xxu||||| |||| 00| 0 eng d |
| 020 ## - INTERNATIONAL STANDARD BOOK NUMBER | |
| International Standard Book Number | 9780831718657 |
| 050 ## - LIBRARY OF CONGRESS CALL NUMBER | |
| Classification number | TT 870 |
| Item number | .Ow97 1991 |
| 082 ## - DEWEY DECIMAL CLASSIFICATION NUMBER | |
| Classification number | HS 745.54 |
| Item number | Ow2 1991 |
| 100 ## - MAIN ENTRY--PERSONAL NAME | |
| Personal name | Owen, Cheryl. |
| 9 (RLIN) | 16844 |
| 245 ## - TITLE STATEMENT | |
| Title | Creative design : paper crafts. |
| 260 ## - PUBLICATION, DISTRIBUTION, ETC. (IMPRINT) | |
| Place of publication, distribution, etc | United Kingdom : |
| Name of publisher, distributor, etc | Salamander Books, |
| Date of publication, distribution, etc | 1991. |
| 300 ## - PHYSICAL DESCRIPTION | |
| Extent | 94 p. : |
| Other physical details | col. ;ill. ; |
| Dimensions | 29 cm. |
| 650 ## - SUBJECT ADDED ENTRY--TOPICAL TERM | |
| Topical term or geographic name as entry element | Paper handicrafts. |
| 9 (RLIN) | 16845 |
| 942 ## - ADDED ENTRY ELEMENTS (KOHA) | |
| Source of classification or shelving scheme | Library of Congress Classification |
| Koha item type | |
| Withdrawn status | Lost status | Source of classification or shelving scheme | Damaged status | Home library | Current library | Shelving location | Date acquired | Total Checkouts | Full call number | Barcode | Date last seen | Date checked out | Copy number | Price effective from | Koha item type |
|---|---|---|---|---|---|---|---|---|---|---|---|---|---|---|---|
| Library of Congress Classification | Luxembourg Library | Luxembourg Library | High School Section | 09/06/2013 | 1 | TT 870 .Ow97 1991 | 5249 | 11/16/2022 | 11/10/2022 | 1 | 09/06/2013 | Books |